000 01015cam a2200241 i 4500
999 _c535010
_d535010
020 _a9781464811548
_qpaperback
020 _a1464811547
_qpaperback
082 0 4 _a333.793/2170954
100 1 _aZhang, Fan
_d1977-
_eauthor.
245 1 0 _aIn the dark :
_bhow much do power sector distortions cost South Asia? /
_cFan Zhang.
260 _aWashington
_bThe World Bank
_c2019
300 _axxiv, 232 pages :
_bcolor illustrations, color maps ;
_c26 cm.
942 _2ddc
_cBK
504 _aIncludes bibliographical references.
650 0 _aElectric power failures
_929477
650 0 _aElectric power failures
_929478
650 0 _aElectric power failures
_929479
650 7 _aElectric power failures
_929480